Perintah-perintah Am (Bab "A"-Bab"G") : hingga 10hb Mac 2009

Bibliographic Details
Corporate Author: International Law Book Services
Format: Book
Language:Malay
Published: Petaling Jaya : International Law Book Services , 2009
Subjects:

MARC

LEADER 00000cam a2200000 7i4500
001 0000022583
005 20100224.0
008 090213 my # may
020 |a 9789678919913 ,   |c RM23.60 
040 |a INS 
090 0 0 |a JQ715.A6   |b P47 2009 
245 0 0 |a Perintah-perintah Am (Bab "A"-Bab"G") :   |b hingga 10hb Mac 2009   |c disusun oleh Lembaga Penyelidikan Undang-Undang 
260 |a Petaling Jaya :   |b International Law Book Services ,   |c 2009 
300 |a 305ms. ;   |c 24cm. 
650 0 0 |a Civil service   |z Malaysia 
651 0 |a Malaysia   |x Officials and employees 
710 1 |a International Law Book Services ,   |c Lembaga Penyelidikan Undang-undang 
999 |a 0000021443   |b BOOK   |c Open Shelf   |e Default branch